<?xml version="1.0" encoding="UTF-8"?>
<collection xmlns="http://www.loc.gov/MARC21/slim">
 <record>
  <leader>00402pamaa2200133   4500</leader>
  <controlfield tag="001">0000014915</controlfield>
  <controlfield tag="005">20070402090000.0</controlfield>
  <datafield tag="020" ind1="0" ind2="0">
   <subfield code="a">9637560300 </subfield>
  </datafield>
  <datafield tag="090" ind1="0" ind2="0">
   <subfield code="a">DB906 </subfield>
   <subfield code="b">HUN 1994</subfield>
  </datafield>
  <datafield tag="245" ind1="0" ind2="0">
   <subfield code="a">HUNGARY : </subfield>
   <subfield code="b">essential facts, figures and pictures  </subfield>
   <subfield code="c">MTI Media Data Bank.</subfield>
  </datafield>
  <datafield tag="260" ind1="0" ind2="0">
   <subfield code="a">Budapest: </subfield>
   <subfield code="b">MTI Media Data Bank, </subfield>
   <subfield code="c">1994.</subfield>
  </datafield>
  <datafield tag="300" ind1=" " ind2=" ">
   <subfield code="a">313p.: </subfield>
   <subfield code="b">col.ill.; </subfield>
   <subfield code="c">23cm.</subfield>
  </datafield>
  <datafield tag="650" ind1="0" ind2="0">
   <subfield code="a">Hungary -- </subfield>
   <subfield code="x">Facts </subfield>
  </datafield>
  <datafield tag="700" ind1="1" ind2="1">
   <subfield code="a">MTI Media Data Bank </subfield>
  </datafield>
 </record>
</collection>
